| 000 | 01335nam a2200217 a 4500 | ||
|---|---|---|---|
| 008 | 190716s2007 ||||||||||||||||| || u | ||
| 020 | _a9780080451268 | ||
| 050 | _aTA 418.9.C6 Con | ||
| 100 | _aMortensen, A | ||
| 245 | 1 | 0 |
_aConcise encyclopedia of composite materials (6th edition) _cedited by A. Mortensen |
| 250 | _a2nd edition | ||
| 260 |
_aAmsterdam _bElsevier _c2007 |
||
| 300 | _axxix, 1019 pages : illustrations | ||
| 350 | _a318.20 | ||
| 650 | 0 | _aCOMPOSITE MATERIALS -ENCYCLOPEDIAS | |
| 995 |
_aSHORT LOAN BOOKS _e750076 _FCBU-MAIN LIBRARY (Kitwe) _I318.20 _jTA 418.9.C6 Con _M5 _UAVAILABLE _WNov 27, 2019 _y750076 _ZShort Loan Collection |
||
| 995 |
_aMAIN LIBRARY OPEN ACCESS _e749472 _FCBU-MAIN LIBRARY (Kitwe) _I318.20 _jTA 418.9.C6 Con _M2 _UAVAILABLE _WJul 16, 2019 _y749472 _ZMain Library Open Access Collection |
||
| 995 |
_aMAIN LIBRARY OPEN ACCESS _e749473 _FCBU-MAIN LIBRARY (Kitwe) _I318.20 _jTA 418.9.C6 Con _M3 _UAVAILABLE _WJul 16, 2019 _y749473 _ZMain Library Open Access Collection |
||
| 995 |
_aMAIN LIBRARY OPEN ACCESS _e749490 _FCBU-MAIN LIBRARY (Kitwe) _I318.20 _jTA 418.9.C6 Con _M4 _UAVAILABLE _WJul 16, 2019 _y749490 _ZMain Library Open Access Collection |
||
| 995 |
_aMAIN LIBRARY OPEN ACCESS _e749471 _FCBU-MAIN LIBRARY (Kitwe) _I318.20 _jTA 418.9.C6 Con _M1 _UAVAILABLE _WJul 16, 2019 _y749471 _ZMain Library Open Access Collection |
||
| 999 |
_c79718 _d79718 |
||